000 01208cam a2200325 a 4500
999 _c3121
_d3121
001 14377828
005 20170605151212.0
008 060516s2006 gh b 000 0 eng c
010 _a 2006306545
020 _a9964969171
035 _a(CStRLIN)CSUGA6757495-B
035 _a(CSt)(Sirsi)a6757495
040 _aCSt
_cCSt
_dDLC
042 _apcc
_alcode
043 _af-gh---
050 0 0 _aDT510
_b.B44 2006
100 1 _aBediako, Kwame.
_932199
245 1 0 _aReligion, culture, and language :
_ban appreciation of the intellectual legacy of Dr. J.B. Danquah /
_cKwame Bediako.
260 _aAccra :
_bGhana Academy of Arts and Sciences,
_cc2006.
300 _axi, 50 p. ;
_c22 cm.
490 1 _aJ.B. Danquah memorial lectures ;
_vser. 37
500 _a"February 2004."
504 _aIncludes bibliographical references.
600 1 0 _aDanquah, J. B.
_q(Joseph Boakye)
_xPolitical and social views.
_932200
651 0 _aGhana
_xCivilization.
_924018
830 0 _aJ.B. Danquah memorial lectures ;
_vser. 37.
_932201
906 _a7
_bcbc
_cpccadap
_d3
_encip
_f20
_gy-gencatlg
942 _2lcc
_cMONOGRAPH